Biggest African cities in each cardinal direction, with a map - Statistics

General Stats
  • This quiz has been taken 735 times
    131 since last reset
  • The average score is 18 of 35
Answers on the Map
Answers color-coded by a green-red scale on the quiz's map according to % correct below.
 
Answer Stats
Pop City % Correct
6.25 M Alexandria
99%
4.32 M Algiers
99%
2.72 M Tunis
99%
22.8 M Cairo
98%
5.10 M Cape Town
97%
14.8 M Johannesburg
97%
21.3 M Lagos
97%
6.90 M Nairobi
97%
16.3 M Kinshasa
96%
7.20 M Khartoum
95%
4.45 M Casablanca
94%
4.22 M Dakar
92%
6.65 M Dar es Salaam
90%
3.15 M Antananarivo
87%
5.70 M Bamako
86%
7.05 M Abidjan
83%
137 k Praia
76%
140 k Port-Louis
67%
1.20 M Port Elizabeth
66%
191 k Saint-Denis
23%
342 k Annaba
18%
154 k Bizerte
16%
174 k Saint-Pierre
14%
325 k Toamasina
13%
69.0 k Mindelo
11%
11.1 k Porto Novo
9%
15.5 k Bredasdorp
4%
13.3 k Gans Bay
4%
188 k Somerset West
4%
46.8 k Hermanus
3%
65.8 k Mossel Bay
3%
18.0 k Bel Air
2%
70.0 k Curepipe
2%
21.1 k Goodlands
1%
23.1 k Triolet
1%
No matching quizzes found
Score Distribution
Percent of People with Each Score
Percentile by Number Answered
Your Score History
You have not taken this quiz since the last reset